[Event "Lansing (Jan)"]
[Site "?"]
[Date "1990.??.??"]
[Round "?"]
[White "Little, T."]
[Black "Brauker, J."]
[Result "1-0"]
[WhiteElo "1605"]
[BlackElo "1605"]
[PlyCount "69"]
[EventDate "1990.??.??"]

1. Nf3 d5 2. c4 d4 3. b4 a6 4. d3 Nc6 5. a3 e5 6. Nbd2 Nf6 7. g3 Be7 8. Bg2 Bf5
9. Nb3 O-O 10. Bb2 Re8 11. O-O e4 12. Nfxd4 Nxd4 13. Nxd4 c5 14. Nxf5 cxb4 15.
Qb3 bxa3 16. Nxe7+ Rxe7 17. Bxa3 Rd7 18. Rad1 a5 19. Bxe4 Nxe4 20. dxe4 Rxd1
21. Rxd1 Qe8 22. Qxb7 Rb8 23. Qd5 a4 24. f3 h6 25. Kf2 Rb3 26. Rd3 Qc8 27. Rxb3
axb3 28. Bb2 Qb8 29. Ke3 Qe8 30. Qd4 f6 31. c5 Qb5 32. Kd2 Qa5+ 33. Qc3 Qa2 34.
Qc4+ Kh8 35. Kc3 1-0

[Event "Detroit (MOR/2/45)"]
[Site "?"]
[Date "1990.??.??"]
[Round "?"]
[White "Lingar, R."]
[Black "Short, T."]
[Result "1-0"]
[WhiteElo "1605"]
[BlackElo "1605"]
[PlyCount "89"]
[EventDate "1990.??.??"]

{2/(45)} 1. Nf3 e6 2. g3 d5 3. Bg2 Nf6 4. d3 Bb4+ 5. c3 Ba5 6. Nbd2 Nc6 7. O-O
O-O 8. Re1 h6 9. a4 Bb6 10. e4 d4 11. Qc2 e5 12. cxd4 Nxd4 13. Nxd4 Bxd4 14.
Nf3 Ng4 15. Nxd4 exd4 16. h3 Ne5 17. b3 Bxh3 18. Bxh3 Nf3+ 19. Kf1 Nxe1 20.
Kxe1 b6 21. Bb2 c5 22. Rc1 Qf6 23. b4 cxb4 24. Qc4 Qd6 25. Ke2 Rad8 26. Qb3 a5
27. Rc4 Qe5 28. Kf1 g6 29. f4 Qh5 30. Bg2 g5 31. f5 Qg4 32. Kf2 h5 33. Bxd4 h4
34. gxh4 Qxh4+ 35. Kg1 g4 36. Bxb6 Rd6 37. Bf2 g3 38. Be3 Rfd8 39. e5 Rxd3 40.
Rxh4 Rxb3 41. Rg4+ Kh8 42. Rh4+ Kg8 43. Rg4+ Kf8 44. Bh6+ Ke8 45. Bc6+ 1-0

[Event "Detroit (MOR/4/32)"]
[Site "?"]
[Date "1990.??.??"]
[Round "?"]
[White "Lingar, R."]
[Black "Moore, Robert"]
[Result "0-1"]
[WhiteElo "1605"]
[BlackElo "1735"]
[PlyCount "68"]
[EventDate "1990.??.??"]

{4/(32)} 1. Nf3 Nf6 2. g3 g6 3. Bg2 Bg7 4. O-O O-O 5. d3 d6 6. Nbd2 c5 7. e4
Nc6 8. a3 Rb8 9. c3 a6 10. Qc2 b5 11. Re1 b4 12. c4 Ng4 13. h3 Nge5 14. Nb3
Nxf3+ 15. Bxf3 Bxh3 16. g4 Qd7 17. Qe2 Ne5 18. Kh2 Nxf3+ 19. Qxf3 Bxg4 20. Qg3
f5 21. Rg1 Bh5 22. Qh3 Qc7 23. Be3 fxe4 24. Qe6+ Kh8 25. dxe4 d5+ 26. Rg3 d4
27. Bd2 Rxf2+ 28. Kh3 Be5 29. Bh6 Bxg3 30. e5 Bxe5 31. Rh1 Bh2 32. Bf4 Qxf4 33.
Qg8+ Kxg8 34. Nxc5 Qg3# 0-1

[Event "Detroit (MOR/6/30)"]
[Site "?"]
[Date "1990.??.??"]
[Round "?"]
[White "Lingar, R."]
[Black "Brown, S."]
[Result "0-1"]
[WhiteElo "1605"]
[BlackElo "1630"]
[PlyCount "76"]
[EventDate "1990.??.??"]

{6/(30)} 1. Nf3 c5 2. g3 g6 3. Bg2 Bg7 4. O-O Nc6 5. d3 d6 6. e4 Bg4 7. Nbd2
Qd7 8. Re1 O-O-O 9. c3 h5 10. Qb3 Ne5 11. Nxe5 Bxe5 12. Qxf7 Nf6 13. Qb3 h4 14.
Nc4 hxg3 15. fxg3 Bh3 16. Bh1 Bxg3 17. hxg3 Bf1 18. Rxf1 Rxh1+ 19. Kf2 Rxf1+
20. Kxf1 Qh3+ 21. Ke2 Qg2+ 22. Kd1 Rh8 23. Bd2 Rh1+ 24. Kc2 Rxa1 25. Nxd6+ exd6
26. Qe6+ Nd7 27. Qxg6 Rg1 28. Qxd6 Qe2 29. d4 c4 30. b3 Qd1+ 31. Kb2 Qxd2+ 32.
Ka3 cxb3 33. Kxb3 Rb1+ 34. Kc4 b5+ 35. Kd5 Qxa2+ 36. Kc6 Qc4+ 37. Qc5 Nxc5 38.
dxc5 Qe6# 0-1

[Event "Lansing (MI Am/3/37)"]
[Site "?"]
[Date "1990.??.??"]
[Round "?"]
[White "Libby, Dan"]
[Black "Swathell, Gary"]
[Result "1-0"]
[WhiteElo "1715"]
[BlackElo "1735"]
[PlyCount "105"]
[EventDate "1990.??.??"]

{3/(37)} 1. c4 Nf6 2. Nf3 g6 3. g3 Bg7 4. Bg2 O-O 5. O-O d5 6. b3 dxc4 7. Bb2
cxb3 8. Qxb3 c6 9. Nc3 Qb6 10. Qc2 Bf5 11. d3 Qc7 12. Rab1 Nbd7 13. Nd4 Be6 14.
Nxe6 fxe6 15. Qb3 Nc5 16. Qc4 Ncd7 17. Qxe6+ Kh8 18. Qxe7 Rae8 19. Qb4 Nb6 20.
e3 c5 21. Qb3 c4 22. dxc4 Nxc4 23. Qc2 Rd8 24. Ne4 Rc8 25. Bxf6 Bxf6 26. Nxf6
Rxf6 27. Rxb7 Qe5 28. Qa4 Nd6 29. Rxa7 Rcf8 30. Ra8 Nf5 31. Rxf8+ Rxf8 32. Qc6
Ne7 33. Qe4 Qf6 34. a4 Nf5 35. a5 Rf7 36. Qa4 Qe7 37. a6 Qa7 38. Bb7 Kg7 39.
Rd1 Nxe3 40. Qd4+ Qxd4 41. Rxd4 Nf5 42. Ra4 Nd6 43. a7 Nxb7 44. a8=Q Nc5 45.
Ra7 Ne6 46. Rxf7+ Kxf7 47. Qb7+ Kf6 48. Qxh7 Ng5 49. Qa7 Nf3+ 50. Kg2 Ne1+ 51.
Kf1 Nf3 52. Qb6+ Kg7 53. Qb7+ 1-0

[Event "Lansing (MI Am/1/41)"]
[Site "?"]
[Date "1990.??.??"]
[Round "?"]
[White "Libby, Dan"]
[Black "Randall, Paul"]
[Result "0-1"]
[WhiteElo "1715"]
[BlackElo "1605"]
[PlyCount "94"]
[EventDate "1990.??.??"]

{1/(41)} 1. c4 c5 2. g3 Nc6 3. Bg2 d6 4. Nf3 Nf6 5. d3 e5 6. Nc3 Be7 7. O-O O-O
8. a3 a6 9. Bd2 Bd7 10. Ne1 Rb8 11. Nc2 b5 12. Rc1 bxc4 13. dxc4 Na5 14. Ne3
Nb3 15. Ncd5 Nxd5 16. Nxd5 Ba4 17. e3 Qd7 18. Bc3 Rfe8 19. Qd3 f5 20. Bxe5 dxe5
21. Nxe7+ Rxe7 22. Bd5+ Kh8 23. Qc3 Bc6 24. Rfd1 e4 25. f3 exf3 26. Bxf3 Qe6
27. Bxc6 Qxc6 28. Rd5 Qe6 29. Re1 Rd7 30. Rxd7 Qxd7 31. Qe5 Re8 32. Qc3 Nd2 33.
Re2 Ne4 34. Qc2 Rd8 35. b4 cxb4 36. axb4 Qd1+ 37. Kg2 Nc3 38. Qxd1 Rxd1 39. Rc2
Ne4 40. b5 Nc5 41. bxa6 Nxa6 42. Ra2 Nc7 43. Ra7 Rd7 44. c5 g6 45. Kf3 Kg7 46.
h3 Kf6 47. Kf4 Nd5+ 0-1

[Event "Detroit (MI Op/4/37)"]
[Site "?"]
[Date "1990.??.??"]
[Round "?"]
[White "Libby, Dan"]
[Black "Ramas, C."]
[Result "0-1"]
[WhiteElo "1695"]
[BlackElo "1895"]
[PlyCount "64"]
[EventDate "1990.??.??"]

{4/(37)} 1. Nf3 Nf6 2. c4 e6 3. g3 d5 4. b3 Be7 5. Bg2 c5 6. O-O Nc6 7. d3 O-O
8. Re1 h6 9. Na3 b6 10. Bb2 Bb7 11. Nc2 Qc7 12. cxd5 exd5 13. d4 Rad8 14. dxc5
bxc5 15. e3 Ne4 16. Rc1 Qa5 17. a3 Rfe8 18. Ne5 Qb6 19. Nxc6 Bxc6 20. Qg4 Bf6
21. Bxf6 Nxf6 22. Qd1 Qxb3 23. Nd4 Qxd1 24. Rexd1 Ba4 25. Nc2 Ne4 26. Bxe4 Rxe4
27. Rd2 Rc4 28. Kf1 Rc3 29. Ke2 d4 30. exd4 cxd4 31. f4 d3+ 32. Ke3 dxc2+ 0-1

[Event "Detroit (MI Op/2/29)"]
[Site "?"]
[Date "1990.??.??"]
[Round "?"]
[White "Libby, Dan"]
[Black "Finegold, Mark"]
[Result "0-1"]
[WhiteElo "1695"]
[BlackElo "2240"]
[PlyCount "66"]
[EventDate "1990.??.??"]

{2/(29)} 1. Nf3 Nf6 2. g3 d5 3. Bg2 c6 4. O-O Bf5 5. b3 e6 6. d3 Be7 7. a4 O-O
8. c4 h6 9. Na3 Nbd7 10. Nc2 a5 11. Ba3 Bxa3 12. Rxa3 Qe7 13. Ra1 Rfe8 14. Re1
Bh7 15. Nd2 e5 16. e4 dxe4 17. dxe4 Nc5 18. Qf3 Red8 19. Rad1 Nd3 20. Re3 Nb2
21. Rb1 Rxd2 22. Rxb2 Rad8 23. Re2 Rd1+ 24. Bf1 Bg6 25. h3 Nh7 26. Ne3 Ng5 27.
Qg2 Bxe4 28. Nxd1 Bxg2 29. Bxg2 Rxd1+ 30. Kh2 Qf6 31. Re3 e4 32. Bxe4 Qxb2 33.
Kg2 Nxe4 0-1

[Event "Lansing (MI Am/5/26)"]
[Site "?"]
[Date "1990.??.??"]
[Round "?"]
[White "Libby, Dan"]
[Black "Cunningham, J."]
[Result "1-0"]
[WhiteElo "1715"]
[BlackElo "1605"]
[PlyCount "119"]
[EventDate "1990.??.??"]

{5/(26)} 1. c4 c5 2. Nc3 Nc6 3. Nf3 Nf6 4. g3 e5 5. Bg2 d6 6. O-O Be6 7. d3 h6
8. e3 Qd7 9. Re1 Bg4 10. a3 Be7 11. Qc2 Bxf3 12. Bxf3 h5 13. d4 h4 14. d5 Na5
15. Ne4 hxg3 16. fxg3 b6 17. Nxf6+ Bxf6 18. e4 Qh3 19. Re2 Qd7 20. b4 Nb7 21.
b5 a5 22. bxa6 Rxa6 23. Bd2 Qa4 24. Be1 Qd7 25. a4 Na5 26. Rb1 Bd8 27. Rb5 Rh6
28. Bxa5 Rxa5 29. Qb3 Rf6 30. Bg2 Qg4 31. Rb2 Qg5 32. h4 Qc1+ 33. Kh2 Qe1 34.
Qc2 Rg6 35. Qb3 Rg4 36. Qf3 Rg6 37. Qb3 Kf8 38. Rb1 Qf2 39. Rf1 Qe2 40. Rxa5
bxa5 41. Qb8 Ke8 42. Qb5+ Kf8 43. Qd7 Kg8 44. Qxd8+ Kh7 45. Qd7 Qe3 46. Qh3 Qe2
47. Qf5 Qxc4 48. h5 Qe2 49. hxg6+ fxg6 50. Qh3+ Kg8 51. Qe6+ Kh7 52. Qf7 Qh5+
53. Kg1 c4 54. Bf3 Qg5 55. Kg2 c3 56. Rh1+ Qh6 57. Rxh6+ Kxh6 58. Qc7 c2 59.
Qxc2 g5 60. Qc6 1-0

[Event "Detroit (MI Op/7/37)"]
[Site "?"]
[Date "1990.??.??"]
[Round "?"]
[White "Libby, Dan"]
[Black "Almquist, W."]
[Result "1-0"]
[WhiteElo "1695"]
[BlackElo "1870"]
[PlyCount "59"]
[EventDate "1990.??.??"]

{7/(37)} 1. c4 e6 2. Nf3 Nf6 3. a3 d5 4. d4 dxc4 5. Qa4+ Bd7 6. Qxc4 Be7 7. Ne5
O-O 8. Bf4 b5 9. Qc2 c6 10. Nxd7 Qxd7 11. e3 Rc8 12. Nc3 a6 13. Bd3 c5 14. dxc5
Rxc5 15. Rd1 Qb7 16. O-O Nbd7 17. Be4 Nxe4 18. Qxe4 Ra7 19. Qxb7 Rxb7 20. Bd6
Bxd6 21. Rxd6 h6 22. Rxa6 b4 23. Ra8+ Kh7 24. Ne4 Rc2 25. Nd6 Rb6 26. Nxf7 Rxb2
27. axb4 R6xb4 28. Ra7 Rd2 29. g3 Kg6 30. Rxd7 1-0

[Event "Lansing (MI Am/2/7)"]
[Site "?"]
[Date "1990.??.??"]
[Round "?"]
[White "Lewis, James"]
[Black "Smith, Michael R"]
[Result "1-0"]
[WhiteElo "1735"]
[BlackElo "1925"]
[PlyCount "71"]
[EventDate "1990.??.??"]

{2/(7)} 1. e4 e6 2. d4 d5 3. Nd2 c5 4. dxc5 Bxc5 5. Nb3 Bd6 6. exd5 exd5 7. c3
Ne7 8. Be2 Nbc6 9. Bf3 Bc7 10. Ne2 Ne5 11. Ned4 a6 12. Be2 O-O 13. f4 Nc4 14.
Bd3 Nd6 15. O-O Ne4 16. Qf3 f5 17. c4 Kh8 18. Be3 dxc4 19. Bxc4 Nd5 20. Bxd5
Qxd5 21. Rad1 Qf7 22. Rd3 b6 23. Rfd1 Bb7 24. Qh3 Rad8 25. Nf3 Rxd3 26. Rxd3
Qc4 27. Ne1 Qb4 28. Qh4 g5 29. fxg5 Bg3 30. hxg3 Qxe1+ 31. Kh2 Nf2 32. Qd4+ Kg8
33. Qc4+ Rf7 34. Rd8+ Kg7 35. Qd4+ Kg6 36. Rg8+ 1-0

[Event "Detroit (RVO/3)"]
[Site "?"]
[Date "1990.??.??"]
[Round "?"]
[White "Lewis, James"]
[Black "Randel, D."]
[Result "1-0"]
[WhiteElo "1790"]
[BlackElo "1605"]
[PlyCount "51"]
[EventDate "1990.??.??"]

1. e4 c6 2. d4 d5 3. exd5 cxd5 4. Bd3 Nc6 5. c3 Nf6 6. Bf4 e6 7. h3 Be7 8. Nf3
O-O 9. Nbd2 a6 10. Qc2 b5 11. a3 Qb6 12. g4 g6 13. Bh6 Re8 14. O-O-O Bf8 15.
Bxf8 Rxf8 16. Rdg1 a5 17. h4 Ba6 18. h5 Ne7 19. Ne5 Qd6 20. hxg6 hxg6 21. f3
Kg7 22. Nb1 Rg8 23. Rh2 Rh8 24. Rgh1 Rxh2 25. Qxh2 Qd8 26. Qh6+ 1-0

[Event "Detroit (MOR/7/6)"]
[Site "?"]
[Date "1990.??.??"]
[Round "?"]
[White "Lewis, James"]
[Black "McGee, T."]
[Result "1-0"]
[WhiteElo "1720"]
[BlackElo "1750"]
[PlyCount "21"]
[EventDate "1990.??.??"]

{7/(6)} 1. e4 e6 2. d4 d5 3. Nd2 c5 4. c3 Nc6 5. Bb5 Nge7 6. dxc5 a5 7. exd5
Qxd5 8. Qf3 Qxc5 9. a4 Bd7 10. Ne4 Qf5 11. Nd6+ 1-0

[Event "Detroit (RVO/1)"]
[Site "?"]
[Date "1990.??.??"]
[Round "?"]
[White "Lewis, James"]
[Black "Ladomer, W."]
[Result "1-0"]
[WhiteElo "1790"]
[BlackElo "1605"]
[PlyCount "45"]
[EventDate "1990.??.??"]

1. e4 e5 2. Nf3 Nc6 3. Bb5 a6 4. Ba4 Bc5 5. c3 d5 6. O-O Bg4 7. h3 Bh5 8. exd5
b5 9. dxc6 bxa4 10. Qe2 Bxf3 11. Qxf3 Nf6 12. d4 e4 13. Qd1 Bd6 14. Qxa4 Nd5
15. c4 Nf4 16. Qc2 Nxh3+ 17. gxh3 Qh4 18. Kg2 g5 19. Nc3 g4 20. Qxe4+ Kf8 21.
Rh1 Rg8 22. Kf1 Re8 23. Bh6+ 1-0

[Event "Detroit (MOR/2/16)"]
[Site "?"]
[Date "1990.??.??"]
[Round "?"]
[White "Lewis, James"]
[Black "Collins, Devontia"]
[Result "1-0"]
[WhiteElo "1720"]
[BlackElo "1605"]
[PlyCount "87"]
[EventDate "1990.??.??"]

{2/(16)} 1. e4 d5 2. exd5 Qxd5 3. Nc3 Qd8 4. Nf3 Nf6 5. Bc4 g6 6. b3 Bg7 7. a4
O-O 8. O-O Bg4 9. Ra2 Nc6 10. h3 Bxf3 11. Qxf3 Nb4 12. Rb2 Qd6 13. Na2 Nfd5 14.
c3 Nxa2 15. Rxa2 e6 16. d4 Qe7 17. h4 c5 18. Bxd5 exd5 19. dxc5 Qxc5 20. Ba3
Qxc3 21. Qxc3 Bxc3 22. Bxf8 Rxf8 23. Rd1 d4 24. Re2 a6 25. Re7 b5 26. Kf1 bxa4
27. bxa4 a5 28. Rb1 Rd8 29. Rbb7 d3 30. Rbd7 Rxd7 31. Rxd7 d2 32. Ke2 Kf8 33.
Kd1 Ke8 34. Rb7 h6 35. Rb3 Bb4 36. Rxb4 axb4 37. Kxd2 Kd7 38. Kd3 Kc6 39. Kc4
h5 40. Kxb4 f6 41. Kc4 g5 42. g3 gxh4 43. gxh4 f5 44. Kd4 1-0

[Event "Flint (Class C/2)"]
[Site "?"]
[Date "1990.??.??"]
[Round "?"]
[White "Lewis, James"]
[Black "Asbury, Victor"]
[Result "0-1"]
[WhiteElo "1605"]
[BlackElo "1605"]
[PlyCount "130"]
[EventDate "1990.??.??"]

1. e4 c5 2. Nf3 Nc6 3. d4 cxd4 4. Nxd4 Qb6 5. Nb3 g6 6. Be3 Qb4+ 7. N1d2 Bg7 8.
c3 Qd6 9. Qc2 Nf6 10. Be2 O-O 11. f4 Qb8 12. f5 d5 13. g3 dxe4 14. Bf4 Ne5 15.
fxg6 fxg6 16. Nxe4 Bf5 17. Nxf6+ Bxf6 18. Qd2 Rd8 19. Qe3 Nd3+ 20. Bxd3 Rxd3
21. Qxd3 Qxf4 22. Qd5+ e6 23. Qxe6+ Bxe6 24. gxf4 Bh4+ 25. Kd2 Rf8 26. Nd4 Rd8
27. Ke3 Bg4 28. Rhg1 Re8+ 29. Kd3 Bh3 30. f5 Kf7 31. fxg6+ hxg6 32. a3 Kf6 33.
b4 Bf2 34. Rgf1 Bxf1+ 35. Rxf1 Re3+ 36. Kd2 Rh3 37. Rxf2+ Ke5 38. a4 Kd5 39.
Rg2 Kc4 40. Kc2 Rxc3+ 41. Kb2 Rh3 42. Nc2 Rb3+ 43. Ka2 Rh3 44. Rd2 Rc3 45. Re2
Rd3 46. h4 Rh3 47. Re3 Rxe3 48. Nxe3+ Kd4 49. Nf5+ gxf5 50. h5 Ke5 51. Kb3 Kf6
52. Kc4 Kg5 53. Kd4 Kxh5 54. Ke3 Kg4 55. Kf2 Kf4 56. Ke1 Ke3 57. Kf1 Kd4 58.
Kf2 Kc4 59. Kf3 Kxb4 60. Kf4 Kxa4 61. Kxf5 b5 62. Ke4 Kb3 63. Kd4 a5 64. Kd3 a4
65. Kd2 Kb2 0-1

[Event "Detroit (RVO/2)"]
[Site "?"]
[Date "1990.??.??"]
[Round "?"]
[White "Lewis, Derrick"]
[Black "Turner, Keita"]
[Result "1/2-1/2"]
[WhiteElo "1955"]
[BlackElo "1690"]
[PlyCount "62"]
[EventDate "1990.??.??"]

1. e4 c5 2. d4 cxd4 3. Qxd4 Nc6 4. Qa4 Nf6 5. Nf3 Qc7 6. Bg5 a6 7. Bxf6 exf6 8.
a3 Bc5 9. Nc3 O-O 10. Nd5 Qd8 11. Bd3 d6 12. O-O Bg4 13. c3 Bxf3 14. gxf3 Ne5
15. Qd1 f5 16. exf5 Qg5+ 17. Kh1 Qh5 18. Be4 Rae8 19. Rg1 f6 20. Rg2 Kh8 21.
Qg1 Nxf3 22. Nf4 Rxe4 23. Nxh5 Nxg1 24. Raxg1 Rh4 25. Nxg7 Rg8 26. Ne6 Rxg2 27.
Rxg2 Rh5 28. Ng7 Rg5 29. Rxg5 fxg5 30. Ne6 Bxf2 31. Nxg5 Kg7 1/2-1/2

[Event "Detroit (RVO/5)"]
[Site "?"]
[Date "1990.??.??"]
[Round "?"]
[White "Lewis, Derrick"]
[Black "McIntosh, S."]
[Result "1/2-1/2"]
[WhiteElo "1955"]
[BlackElo "1755"]
[PlyCount "47"]
[EventDate "1990.??.??"]

1. e4 e6 2. d4 d5 3. exd5 exd5 4. c4 c6 5. Nc3 Bb4 6. Nf3 Ne7 7. Bg5 f6 8. Bh4
O-O 9. Bd3 Bf5 10. O-O Qd7 11. Rc1 Na6 12. c5 Bxc3 13. Rxc3 Nc7 14. Re1 Bxd3
15. Qxd3 Nf5 16. b4 Rae8 17. Rec1 Nxh4 18. Nxh4 Qg4 19. Nf3 Re4 20. h3 Qe6 21.
Kf1 Re8 22. a4 a6 23. R3c2 f5 24. Ne5 1/2-1/2

[Event "Detroit (RVO/3)"]
[Site "?"]
[Date "1990.??.??"]
[Round "?"]
[White "Lewis, Derrick"]
[Black "Butler, E."]
[Result "0-1"]
[WhiteElo "1955"]
[BlackElo "2140"]
[PlyCount "92"]
[EventDate "1990.??.??"]

1. e4 c5 2. d4 cxd4 3. Nf3 d6 4. c3 dxc3 5. Nxc3 Nc6 6. Bb5 Bd7 7. O-O Nf6 8.
Re1 e6 9. Bg5 Be7 10. e5 Nxe5 11. Nxe5 dxe5 12. Rc1 Bxb5 13. Nxb5 O-O 14. Qe2
Nd5 15. Bxe7 Qxe7 16. Qxe5 Rfd8 17. Nc7 Nxc7 18. Rxc7 Rd7 19. Rec1 Rad8 20. h3
h6 21. R1c2 b6 22. g3 Rxc7 23. Rxc7 Rd7 24. Rc8+ Kh7 25. Qe4+ g6 26. h4 Qf6 27.
h5 Qf5 28. Qxf5 gxf5 29. Rc2 Kg7 30. f4 f6 31. Kf2 e5 32. Ke3 Kf7 33. Rf2 e4
34. Rc2 Ke7 35. a3 Rd3+ 36. Kf2 Kd7 37. Re2 a5 38. Rc2 Kd6 39. Re2 Kd5 40. Rc2
Kd4 41. Re2 e3+ 42. Kf3 a4 43. Rc2 Rd2 44. Rxd2+ exd2 45. Ke2 d1=Q+ 46. Kxd1
Kd3 0-1

[Event "Flint (MEX/4)"]
[Site "?"]
[Date "1990.??.??"]
[Round "?"]
[White "Levine, H."]
[Black "Gabbara, Faris"]
[Result "1/2-1/2"]
[WhiteElo "2060"]
[BlackElo "2070"]
[PlyCount "73"]
[EventDate "1990.??.??"]

1. d4 Nf6 2. c4 e6 3. Nf3 b6 4. g3 Bb4+ 5. Bd2 Be7 6. Bg2 Ba6 7. b3 c6 8. Bc3
d5 9. Nbd2 O-O 10. O-O Nbd7 11. Re1 Ne4 12. Nxe4 dxe4 13. Ne5 Nxe5 14. dxe5 e3
15. Bxc6 exf2+ 16. Kxf2 Rc8 17. Bf3 Bc5+ 18. Kg2 Qg5 19. Qd3 Rfd8 20. Qe4 Rc7
21. Rad1 h6 22. Rd3 Qe7 23. Red1 Rcd7 24. Rxd7 Rxd7 25. Rxd7 Qxd7 26. Qd3 Qe7
27. Be4 Bb7 28. Qf3 Bxe4 29. Qxe4 Qd8 30. Qd3 Qa8+ 31. Qf3 Qd8 32. b4 Be7 33.
Qe3 Qa8+ 34. Qf3 Qd8 35. Qd3 Qe8 36. a3 Qc6+ 37. e4 1/2-1/2

[Event "Flint (MEX/1)"]
[Site "?"]
[Date "1990.??.??"]
[Round "?"]
[White "Levine, H."]
[Black "Finegold, Mark"]
[Result "0-1"]
[WhiteElo "2060"]
[BlackElo "2195"]
[PlyCount "80"]
[EventDate "1990.??.??"]

1. e4 c5 2. Nf3 Nc6 3. d4 cxd4 4. Nxd4 Nf6 5. Nc3 e6 6. Ndb5 d6 7. Bf4 e5 8.
Bg5 a6 9. Bxf6 gxf6 10. Na3 f5 11. Bd3 Rg8 12. g3 Nd4 13. Nd5 fxe4 14. Bxe4 Bg4
15. Qd3 f5 16. Bg2 Bg7 17. f3 Qa5+ 18. c3 Qxd5 19. cxd4 Qa5+ 20. Kf2 e4 21.
fxe4 Qb6 22. Nc4 Qxd4+ 23. Qxd4 Bxd4+ 24. Ke1 O-O-O 25. Rc1 Kb8 26. Rf1 fxe4
27. Rf7 Rg7 28. Rxg7 Bxg7 29. Ne3 Bh6 30. Rc3 Bxe3 31. Rxe3 d5 32. Kd2 Kc7 33.
Rc3+ Kd6 34. Rb3 Rd7 35. Rb6+ Ke5 36. h3 Be6 37. Rb4 d4 38. a3 Rf7 39. Ke1 Bd5
40. h4 Rg7 0-1

[Event "Flint (MEX/2)"]
[Site "?"]
[Date "1990.??.??"]
[Round "?"]
[White "Leveson, M."]
[Black "Gabbara, Faris"]
[Result "1/2-1/2"]
[WhiteElo "2150"]
[BlackElo "2070"]
[PlyCount "214"]
[EventDate "1990.??.??"]

1. d4 Nf6 2. c4 e6 3. Nc3 Bb4 4. a3 Bxc3+ 5. bxc3 d5 6. cxd5 exd5 7. e3 O-O 8.
Bd3 c5 9. Ne2 Re8 10. O-O Nbd7 11. f3 b6 12. Ng3 Bb7 13. Qe1 Qc7 14. Bd2 Nf8
15. Qf2 Rad8 16. Rae1 Ng6 17. h3 a6 18. e4 dxe4 19. fxe4 cxd4 20. cxd4 Qd7 21.
e5 Nxe5 22. dxe5 Qxd3 23. exf6 Rxe1 24. Rxe1 gxf6 25. Bh6 Qd5 26. Nf5 Qc5 27.
Be3 Qf8 28. Nh6+ Kg7 29. Nf5+ Kh8 30. Bh6 Qc5 31. Bg7+ Kg8 32. Bxf6 Qxf2+ 33.
Kxf2 Rd2+ 34. Re2 Rxe2+ 35. Kxe2 Bxg2 36. h4 Kf8 37. Ke3 Ke8 38. Kd4 Kd7 39.
Ke5 b5 40. Nh6 a5 41. Nxf7 b4 42. axb4 axb4 43. Ng5 b3 44. Kf4 h6 45. Ne4 Ke6
46. Bb2 Kd5 47. Nd2 Ke6 48. Nxb3 Kf7 49. Nd4 Kg6 50. Nf5 Bh3 51. Ng3 Bd7 52.
Ba3 Bc8 53. Ne2 Ba6 54. Nd4 Bc8 55. Nf3 Ba6 56. Ne5+ Kh5 57. Kg3 Bc8 58. Be7
Bf5 59. Bf8 Bc8 60. Nf7 Kg6 61. Nxh6 Be6 62. Ng4 Bb3 63. Ne5+ Kh7 64. Kf4 Kg8
65. Be7 Kh7 66. Kg5 Bc2 67. h5 Ba4 68. h6 Kg8 69. Bf6 Bc2 70. Bg7 Bh7 71. Ng4
Kf7 72. Bc3 Bc2 73. Ne5+ Kg8 74. Kf6 Kh7 75. Bd2 Kg8 76. Bb4 Kh7 77. Bf8 Kg8
78. Bg7 Bh7 79. Ke7 Bc2 80. Nd7 Kh7 81. Nf6+ Kg6 82. Kf8 Kg5 83. h7 Bxh7 84.
Nxh7+ Kf5 85. Kf7 Ke4 86. Ke6 Kf4 87. Be5+ Ke4 88. Nf6+ Ke3 89. Kd5 Kf3 90. Kd4
Ke2 91. Ke4 Kd2 92. Nd5 Kc2 93. Kd4 Kb3 94. Nc3 Kc2 95. Kc4 Kd2 96. Bd4 Ke1 97.
Kd3 Kf1 98. Ke3 Kg2 99. Kf4 Kh1 100. Ne4 Kg2 101. Nd2 Kh1 102. Nf1 Kg2 103. Ng3
Kh3 104. Be3 Kg2 105. Kg4 Kh2 106. Ne2 Kh1 107. Nf4 Kh2 1/2-1/2

[Event "Flint (MEX/3)"]
[Site "?"]
[Date "1990.??.??"]
[Round "?"]
[White "Leveson, M."]
[Black "Brattin, Vincent"]
[Result "1/2-1/2"]
[WhiteElo "2150"]
[BlackElo "2005"]
[PlyCount "87"]
[EventDate "1990.??.??"]

1. d4 d5 2. c4 c6 3. Nf3 Nf6 4. Nc3 e6 5. Bg5 Be7 6. e3 O-O 7. Rc1 Nbd7 8. Qc2
Re8 9. Bd3 Nf8 10. O-O b6 11. e4 dxe4 12. Nxe4 Nxe4 13. Bxe7 Rxe7 14. Bxe4 Bb7
15. Rcd1 Qc7 16. Rfe1 Rd8 17. c5 b5 18. b4 f6 19. a4 a6 20. Rd2 Bc8 21. axb5
axb5 22. Rde2 Rf7 23. Qc3 Bd7 24. Ra2 Be8 25. Bc2 Rfd7 26. Ra6 Qc8 27. Rea1 Rb7
28. Be4 Ng6 29. Qc2 Nf8 30. Qc3 Ng6 31. g3 Ne7 32. Nd2 Qd7 33. Nb3 Nd5 34. Qd2
Rc7 35. Ra8 Rxa8 36. Rxa8 Rc8 37. Rxc8 Qxc8 38. Bxd5 exd5 39. Qe3 Kf7 40. Na5
Qf5 41. Nb7 Qb1+ 42. Kg2 Bd7 43. Nd6+ Kf8 44. Qd2 1/2-1/2

[Event "Lansing (MI Am/2/44)"]
[Site "?"]
[Date "1990.??.??"]
[Round "?"]
[White "Letourneau, Keith"]
[Black "Reid, Ricky"]
[Result "1-0"]
[WhiteElo "1605"]
[BlackElo "1605"]
[PlyCount "73"]
[EventDate "1990.??.??"]

{2/(44)} 1. e4 e5 2. Nf3 d6 3. Bc4 Nf6 4. Nc3 g6 5. d4 exd4 6. Nxd4 Bg7 7. Be3
c6 8. Qd2 O-O 9. Bh6 d5 10. Bxg7 Kxg7 11. exd5 Re8+ 12. Be2 cxd5 13. O-O-O Bd7
14. h4 Na6 15. h5 Bg4 16. Bxg4 Nxg4 17. hxg6 fxg6 18. Nf3 Nb4 19. Qd4+ Kg8 20.
Qxg4 Rc8 21. Qxb4 Rc7 22. Rxd5 Qc8 23. Qb3 Re6 24. Re5 Rce7 25. Rhe1 Kf7 26.
Ng5+ Kf6 27. Rxe6+ Rxe6 28. Rxe6+ Kxg5 29. Qd5+ Kh6 30. Ne4 Qxe6 31. Qxe6 Kg7
32. Ng5 Kh6 33. Nf7+ Kg7 34. g4 h6 35. Ne5 h5 36. Qxg6+ Kf8 37. Qf7# 1-0

[Event "Lansing (MI Am/3/21)"]
[Site "?"]
[Date "1990.??.??"]
[Round "?"]
[White "Letourneau, Keith"]
[Black "Lubben, Don"]
[Result "1-0"]
[WhiteElo "1605"]
[BlackElo "1840"]
[PlyCount "99"]
[EventDate "1990.??.??"]

{3/(21)} 1. e4 e6 2. d4 d5 3. Nc3 Bb4 4. exd5 exd5 5. Bd2 Nf6 6. Nf3 O-O 7. Be2
Re8 8. O-O Nc6 9. Re1 Bf5 10. a3 Ba5 11. Na4 Bxd2 12. Qxd2 Ne4 13. Qf4 Bg6 14.
Bd3 Qd7 15. Nc5 Nxc5 16. dxc5 Bxd3 17. cxd3 h6 18. h3 b6 19. cxb6 Rxe1+ 20.
Rxe1 axb6 21. Nd4 Nxd4 22. Qxd4 c5 23. Qe5 Kf8 24. Re3 Re8 25. Qxe8+ Qxe8 26.
Rxe8+ Kxe8 27. Kf1 Kd7 28. Ke2 Kc6 29. Kd2 Kb5 30. b3 Kc6 31. Kc2 b5 32. Kc3 f5
33. f3 g5 34. b4 d4+ 35. Kb3 f4 36. bxc5 Kxc5 37. a4 b4 38. a5 Kb5 39. a6 Kxa6
40. Kxb4 Kb6 41. Kc4 Kc6 42. Kxd4 Kd6 43. Ke4 Ke6 44. d4 Kd6 45. Kf5 Kd5 46.
Kg6 Kxd4 47. Kxh6 Ke3 48. Kxg5 Kf2 49. Kxf4 Kxg2 50. h4 1-0

[Event "Lansing (MI Am/5/11)"]
[Site "?"]
[Date "1990.??.??"]
[Round "?"]
[White "Letourneau, Keith"]
[Black "Kung, Fred"]
[Result "1/2-1/2"]
[WhiteElo "1605"]
[BlackElo "1880"]
[PlyCount "104"]
[EventDate "1990.??.??"]

{5/(11)} 1. e4 e6 2. d4 d5 3. exd5 exd5 4. Qe2+ Be7 5. Nc3 Nf6 6. Bf4 a6 7. Nf3
Nc6 8. Qd2 O-O 9. Bd3 Bb4 10. O-O-O Bg4 11. Rde1 Qd7 12. h3 Bh5 13. Ne5 Nxe5
14. Bxe5 Rad8 15. Qg5 Bg6 16. Bxg6 fxg6 17. Re3 Bxc3 18. bxc3 Qa4 19. Kb1 Ne4
20. Qe7 Rd7 21. Qb4 Qxb4+ 22. cxb4 Rxf2 23. Rg1 Rdf7 24. Bg3 Rd2 25. c3 Nxg3
26. Rxg3 Rff2 27. a4 Rb2+ 28. Kc1 Ra2 29. Kb1 Rxa4 30. Re1 Raa2 31. Rg5 Rfb2+
32. Kc1 Rxg2 33. Rxg2 Rxg2 34. Re8+ Kf7 35. Rb8 Re2 36. Rxb7 Re7 37. Ra7 g5 38.
Rxa6 h5 39. Ra5 Ke6 40. Kd2 g4 41. hxg4 hxg4 42. Ke3 Rf7 43. Ra2 Rf3+ 44. Ke2
Rxc3 45. Rb2 Kf5 46. b5 g3 47. b6 cxb6 48. Rxb6 Kf4 49. Rg6 Rc2+ 50. Kd1 Ra2
51. Ke1 Ra1+ 52. Ke2 g2 1/2-1/2

[Event "Detroit (MCO/3/23)"]
[Site "?"]
[Date "1990.??.??"]
[Round "?"]
[White "Lester, T."]
[Black "Tata, R."]
[Result "0-1"]
[WhiteElo "1605"]
[BlackElo "1605"]
[PlyCount "68"]
[EventDate "1990.??.??"]

{3/(23)} 1. d4 Nf6 2. c4 c5 3. Nf3 e6 4. Nc3 b6 5. e4 cxd4 6. Nxd4 d6 7. Be3
Bb7 8. Qc2 Nbd7 9. Bd3 g6 10. O-O-O Bg7 11. Qd2 O-O 12. Bh6 Nc5 13. Bc2 Nfxe4
14. Nxe4 Bxe4 15. Bxg7 Kxg7 16. Bxe4 Nxe4 17. Qe3 d5 18. f3 Nc5 19. g3 Rc8 20.
Kb1 Re8 21. Nb5 Qd7 22. Qe5+ Kg8 23. Nd6 Qc7 24. Qf4 Rf8 25. Nxc8 Qxc8 26. cxd5
Qa6 27. h4 Nd3 28. Qe3 Nc5 29. h5 Qb5 30. hxg6 fxg6 31. dxe6 Re8 32. Qh6 Nxe6
33. Qxh7+ Kf8 34. Qg8+ Kxg8 0-1